[Event "Ayr op"]
[Site "Ayr"]
[Date "2018.05.27"]
[Round "4"]
[White "Hamilton, Graham"]
[Black "Giulian Jackson, Rosemary"]
[Result "1/2-1/2"]
[WhiteElo "1957"]
[BlackElo "1908"]
[PlyCount "69"]
[EventDate "2018.05.25"]
[EventType "swiss"]
[EventRounds "5"]
[EventCountry "SCO"]
[SourceTitle "CBM 184 Extra"]
[Source "ChessBase"]
[SourceDate "2018.06.28"]
[SourceVersion "1"]
[SourceVersionDate "2018.06.28"]
[SourceQuality "1"]

1. d4 e6 2. c4 Nf6 3. Nf3 Bb4+ 4. Nbd2 0-0 5. a3 Be7 6. e4 d6 7. Qc2 Nbd7 8. e5 dxe5 9. dxe5 Ng4 10. Bd3 Ngxe5 11. Bxh7+ Kh8 12. Be4 f5 13. Nxe5 Nxe5 14. Qc3 Bf6 15. Qh3+ Kg8 16. Bc2 Qd4 17. Qb3 Bd7 18. 0-0 Bc6 19. Qe3 Qxe3 20. fxe3 Bg5 21. Nf3 Bxf3 22. gxf3 Nxc4 23. Bb3 Nxe3 24. f4 Nxf1 25. fxg5 Ng3 26. Bxe6+ Kh7 27. hxg3 Rae8 28. Bc4 Re1+ 29. Kf2 Rfe8 30. b3 Kg6 31. Bb2 Rxa1 32. Bxa1 Re7 33. Bd4 Kxg5 34. Be3+ Kf6 35. Bd4+ 1/2-1/2